<?xml version="1.0" encoding="UTF-8"?>
<marc:record xmlns:marc="http://www.loc.gov/MARC21/slim">
   <marc:leader>00000nam a2200000 a 4500</marc:leader>
   <marc:datafield ind1="1" ind2=" " tag="100">
      <marc:subfield code="a">Rademacher, Cay</marc:subfield>
      <marc:subfield code="4">aut</marc:subfield>
      <marc:subfield code="e">Verfasser/-in</marc:subfield>
   </marc:datafield>
   <marc:datafield ind1="0" ind2="0" tag="245">
      <marc:subfield code="a">Verlorenes Vernegues</marc:subfield>
   </marc:datafield>
   <marc:datafield ind1="0" ind2="0" tag="245">
      <marc:subfield code="b">Ein Provence-Krimi</marc:subfield>
   </marc:datafield>
   <marc:datafield ind1="0" ind2="0" tag="245">
      <marc:subfield code="c">Cay Rademacher</marc:subfield>
   </marc:datafield>
   <marc:datafield ind1=" " ind2="1" tag="264">
      <marc:subfield code="a">Köln</marc:subfield>
      <marc:subfield code="b">DuMont</marc:subfield>
      <marc:subfield code="c">2020</marc:subfield>
   </marc:datafield>
   <marc:datafield ind1="1" ind2=" " tag="490">
      <marc:subfield code="a">Capitaine Roger Blanc</marc:subfield>
      <marc:subfield code="v">7</marc:subfield>
   </marc:datafield>
   <marc:datafield ind1="1" ind2=" " tag="520">
      <marc:subfield code="a">Anfang Januar in der Provence. Schnee fällt, und die Tage verlaufen ruhig für die Gendarmen, denn in der Kälte scheint selbst das Verbrechen erstarrt zu sein. Mitten in der Nacht werden Capitaine Blanc und Lieutenant Tonon jedoch zu einem rätselhaften Einsatz gerufen. Der Ort: Vieux Vernègues, ein mittelalterlicher Ort, der eine Idylle wie aus dem Bilderbuch sein könnte, hätte nicht ein Erdbeben ihn vor gut hundert Jahren zerstört. Jetzt ist Vieux Vernègues eine Geisterstadt, ein verlassenes Trümmerfeld im Schatten einer düsteren Burgruine. Alarmiert wurde die Gendarmerie von zwei alten Schafhirten. Zwölf Tiere ihrer Herde wurden in weniger als einer Stunde getötet &#x96; von Wölfen.</marc:subfield>
   </marc:datafield>
   <marc:datafield ind1=" " ind2=" " tag="020">
      <marc:subfield code="a">9783832181215</marc:subfield>
      <marc:subfield code="9">9783832181215</marc:subfield>
   </marc:datafield>
   <marc:datafield ind1=" " ind2=" " tag="020">
      <marc:subfield code="a">3832181210</marc:subfield>
      <marc:subfield code="9">3832181210</marc:subfield>
   </marc:datafield>
   <marc:datafield ind1=" " ind2=" " tag="300">
      <marc:subfield code="a">382 S.</marc:subfield>
   </marc:datafield>
</marc:record>
